[Event "Nova Gorica op 21st"]
[Site "Nova Gorica"]
[Date "2016.02.03"]
[Round "8"]
[White "Pregarac, Valter"]
[Black "Vodopivec, Vladimir"]
[Result "1-0"]
[WhiteElo "2099"]
[BlackElo "1962"]
[PlyCount "109"]
[EventDate "2016.01.29"]
[EventType "swiss"]
[EventRounds "9"]
[EventCountry "SLO"]
[SourceTitle "CBM 170 Extra"]
[Source "ChessBase"]
[SourceDate "2016.02.25"]
[SourceVersion "1"]
[SourceVersionDate "2016.02.25"]
[SourceQuality "1"]

1. d4 d5 2. c4 c6 3. Nf3 Nf6 4. e3 g6 5. Nc3 Bg7 6. Be2 0-0 7. 0-0 Nbd7 8. cxd5 cxd5 9. Qb3 e6 10. a4 a6 11. Bd2 b6 12. Rfc1 Bb7 13. Na2 a5 14. Bb5 Ne4 15. Bxd7 Nxd2 16. Nxd2 Qxd7 17. Qxb6 Ba6 18. Qc6 Qe7 19. Qc7 Qg5 20. Qg3 Qf5 21. Rc3 Rfb8 22. b3 e5 23. Nf3 exd4 24. Nxd4 Qd7 25. f3 Qe8 26. Rac1 Be5 27. Qf2 Rc8 28. Qd2 Rxc3 29. Nxc3 Bb7 30. f4 Bg7 31. Kf2 Qe7 32. Ncb5 Qh4+ 33. Kg1 Rc8 34. Rxc8+ Bxc8 35. Qxa5 Bd7 36. Qd2 g5 37. Nf3 Qg4 38. Nxg5 Qf5 39. Nc3 d4 40. exd4 Bc6 41. Nf3 Bh6 42. Ne5 Bb7 43. Nd3 Be4 44. Nxe4 Qxe4 45. Nf2 Qd5 46. Ng4 Bg7 47. Ne5 Qxb3 48. a5 Qa4 49. h3 Bf8 50. Qc3 Qd1+ 51. Kh2 Bh6 52. Qc8+ Kg7 53. Qg4+ Qxg4 54. hxg4 Bxf4+ 55. g3 1-0

[Event "Nova Gorica op-A 20th"]
[Site "Nova Gorica"]
[Date "2015.02.05"]
[Round "9"]
[White "Skuhala, Luka"]
[Black "Vodopivec, Vladimir"]
[Result "1/2-1/2"]
[WhiteElo "2095"]
[BlackElo "1971"]
[PlyCount "126"]
[EventDate "2015.01.30"]
[EventType "swiss"]
[EventRounds "9"]
[EventCountry "SLO"]
[SourceTitle "CBM 164 Extra"]
[Source "ChessBase"]
[SourceDate "2015.03.02"]
[SourceVersion "1"]
[SourceVersionDate "2015.03.02"]
[SourceQuality "1"]

1. e4 b6 2. d4 Bb7 3. Bd3 e6 4. Nf3 c5 5. c3 Nf6 6. Nbd2 Nc6 7. 0-0 Be7 8. Re1 cxd4 9. cxd4 d5 10. e5 Nd7 11. a3 0-0 12. b4 Rc8 13. Bb2 Re8 14. Nb3 Nf8 15. Rc1 a6 16. Qe2 Nb8 17. Bc3 Ng6 18. g3 Qd7 19. Nfd2 Nf8 20. f4 f5 21. exf6 Bxf6 22. Nf3 Qa4 23. Qb2 Rc7 24. Ne5 Rec8 25. Nd2 Qe8 26. Ndf3 Nbd7 27. Bd2 Rxc1 28. Rxc1 Nxe5 29. Nxe5 Bxe5 30. fxe5 Rxc1+ 31. Qxc1 Qc8 32. Qxc8 Bxc8 33. Kf2 b5 34. Bg5 Kf7 35. Bd8 Bd7 36. h4 Bc6 37. Kf3 Be8 38. h5 h6 39. Kg4 Bc6 40. Bc7 Be8 41. Bc2 Kg8 42. Bd6 Kf7 43. Bc5 Kg8 44. Kh4 Kf7 45. g4 g5+ 46. hxg6+ Nxg6+ 47. Kg3 Kg7 48. Bd6 Kf7 49. g5 h5 50. Bd1 h4+ 51. Kg4 Ne7 52. Bxe7 Kxe7 53. Bc2 Kf7 54. Kxh4 Kg7 55. Bd1 Bd7 56. Bh5 Bc6 57. Be2 Be8 58. Bd3 Bd7 59. Kh5 Be8+ 60. g6 Bd7 61. Bc2 Be8 62. Kg5 Bc6 63. Bb3 Bd7 1/2-1/2

[Event "Nova Gorica op-A 20th"]
[Site "Nova Gorica"]
[Date "2015.02.01"]
[Round "4"]
[White "Gombac, Jan"]
[Black "Vodopivec, Vladimir"]
[Result "1-0"]
[WhiteElo "2274"]
[BlackElo "1971"]
[PlyCount "83"]
[EventDate "2015.01.30"]
[EventType "swiss"]
[EventRounds "9"]
[EventCountry "SLO"]
[SourceTitle "CBM 164 Extra"]
[Source "ChessBase"]
[SourceDate "2015.03.02"]
[SourceVersion "1"]
[SourceVersionDate "2015.03.02"]
[SourceQuality "1"]

1. d4 d5 2. c4 c6 3. Nf3 Nf6 4. e3 g6 5. Nc3 Bg7 6. Be2 0-0 7. 0-0 Re8 8. h3 b6 9. cxd5 cxd5 10. Qa4 Bd7 11. Qb3 e6 12. Ne5 Nc6 13. Nxd7 Nxd7 14. Qd1 a6 15. a4 Nb4 16. Bd2 Qe7 17. Qb3 Bf8 18. Rac1 Rec8 19. Na2 a5 20. Nxb4 axb4 21. Rc2 Rxc2 22. Qxc2 Qd8 23. Qb3 Qe7 24. Rc1 Nf6 25. Rc6 Ne4 26. Be1 Rb8 27. f3 Nf6 28. Bg3 Qb7 29. Rc7 Qa8 30. Bb5 Ne8 31. Bc6 Qa6 32. Bb5 Qa8 33. Rc6 Rc8 34. Rxb6 Rc1+ 35. Kh2 Nf6 36. Rb8 Qa7 37. Bd6 Nd7 38. Bxd7 Qxd7 39. Rxf8+ Kg7 40. Qxb4 f6 41. Be7 Rc6 42. Bxf6+ 1-0

[Event "Nova Gorica op-A 19th"]
[Site "Nova Gorica"]
[Date "2014.02.04"]
[Round "7"]
[White "Vodopivec, Vladimir"]
[Black "Kokol, Peter"]
[Result "0-1"]
[WhiteElo "1973"]
[BlackElo "2271"]
[PlyCount "52"]
[EventDate "2014.01.31"]
[EventType "swiss"]
[EventRounds "9"]
[EventCountry "SLO"]
[SourceTitle "CBM 158 Extra"]
[Source "ChessBase"]
[SourceDate "2014.02.28"]
[SourceVersion "1"]
[SourceVersionDate "2014.02.28"]
[SourceQuality "1"]

1. e4 c5 2. Nf3 Nc6 3. d4 cxd4 4. Nxd4 Nf6 5. f3 e5 6. Nxc6 bxc6 7. c4 Bc5 8. Nc3 0-0 9. Bg5 Bd4 10. Qc2 Rb8 11. Bd3 h6 12. Bd2 Ba6 13. Ke2 d5 14. b3 dxe4 15. Nxe4 Nh5 16. Rad1 Nf4+ 17. Bxf4 exf4 18. c5 Qa5 19. Bc4 Bxc4+ 20. Qxc4 Qxa2+ 21. Rd2 Bb2 22. Nd6 Qxb3 23. Qxf4 Bc3 24. Rhd1 Bxd2 25. Rxd2 a5 26. Nf5 Qb5+ 0-1

[Event "Nova Gorica op-A 19th"]
[Site "Nova Gorica"]
[Date "2014.02.02"]
[Round "5"]
[White "Vodopivec, Vladimir"]
[Black "Gratton, Damjan"]
[Result "1-0"]
[WhiteElo "1973"]
[BlackElo "1742"]
[PlyCount "39"]
[EventDate "2014.01.31"]
[EventType "swiss"]
[EventRounds "9"]
[EventCountry "SLO"]
[SourceTitle "CBM 158 Extra"]
[Source "ChessBase"]
[SourceDate "2014.02.28"]
[SourceVersion "1"]
[SourceVersionDate "2014.02.28"]
[SourceQuality "1"]

1. e4 c5 2. Nf3 e6 3. d4 cxd4 4. Nxd4 a6 5. Be2 Qc7 6. 0-0 Nf6 7. Bf3 Be7 8. Nc3 0-0 9. Re1 Nc6 10. g3 Rd8 11. Bg2 d5 12. exd5 exd5 13. Bf4 Qd7 14. Na4 Ne4 15. Nb6 Qe8 16. Nxc6 Qxc6 17. Nxa8 Be6 18. Nc7 Qc5 19. Qe2 Bf5 20. Nxd5 1-0

[Event "Nova Gorica op-A 18th"]
[Site "Nova Gorica"]
[Date "2013.01.30"]
[Round "9"]
[White "Jelen, Igor"]
[Black "Vodopivec, Vladimir"]
[Result "1-0"]
[WhiteElo "2375"]
[BlackElo "1964"]
[PlyCount "71"]
[EventDate "2013.01.25"]
[EventType "swiss"]
[EventRounds "9"]
[EventCountry "SLO"]
[SourceTitle "CBM 152 Extra"]
[Source "ChessBase"]
[SourceDate "2013.02.25"]
[SourceVersion "1"]
[SourceVersionDate "2013.02.25"]
[SourceQuality "1"]

1. d4 d5 2. c4 c6 3. Nc3 Nf6 4. e3 g6 5. Nf3 Bg7 6. Be2 dxc4 7. Bxc4 0-0 8. 0-0 Bg4 9. h3 Bxf3 10. Qxf3 Nbd7 11. Rd1 Nb6 12. Bb3 e6 13. e4 Qe7 14. Bg5 h6 15. Bh4 g5 16. Bg3 Rad8 17. Rd3 Rd7 18. Rad1 Rfd8 19. e5 Nfd5 20. Ne4 Rf8 21. Qg4 Re8 22. h4 f5 23. exf6 Nxf6 24. Nxf6+ Qxf6 25. Rf3 Qe7 26. hxg5 hxg5 27. Rf5 Nd5 28. Rxg5 Nf6 29. Rxg7+ Qxg7 30. Bxe6+ Rxe6 31. Qxe6+ Qf7 32. Qxf7+ Kxf7 33. Rd3 c5 34. Rf3 Kg6 35. dxc5 Ne4 36. Bd6 1-0

[Event "Nova Gorica op-A 18th"]
[Site "Nova Gorica"]
[Date "2013.01.27"]
[Round "4"]
[White "Portelli, Severino"]
[Black "Vodopivec, Vladimir"]
[Result "0-1"]
[WhiteElo "1740"]
[BlackElo "1964"]
[PlyCount "32"]
[EventDate "2013.01.25"]
[EventType "swiss"]
[EventRounds "9"]
[EventCountry "SLO"]
[SourceTitle "CBM 152 Extra"]
[Source "ChessBase"]
[SourceDate "2013.02.25"]
[SourceVersion "1"]
[SourceVersionDate "2013.02.25"]
[SourceQuality "1"]

1. d4 d5 2. Nf3 Nf6 3. Bf4 c5 4. c3 cxd4 5. Nxd4 a6 6. e3 g6 7. Nd2 Bg7 8. Be2 Nbd7 9. Bg3 0-0 10. h4 h5 11. N4f3 Nc5 12. Ne5 Qb6 13. Nb3 Nce4 14. Qd4 Qe6 15. Nc5 Nxc5 16. f4 Nce4 0-1

[Event "Nova Gorica op-A 18th"]
[Site "Nova Gorica"]
[Date "2013.01.26"]
[Round "2"]
[White "Beletic, Daniel"]
[Black "Vodopivec, Vladimir"]
[Result "1-0"]
[WhiteElo "2239"]
[BlackElo "1964"]
[PlyCount "51"]
[EventDate "2013.01.25"]
[EventType "swiss"]
[EventRounds "9"]
[EventCountry "SLO"]
[SourceTitle "CBM 152 Extra"]
[Source "ChessBase"]
[SourceDate "2013.02.25"]
[SourceVersion "1"]
[SourceVersionDate "2013.02.25"]
[SourceQuality "1"]

1. d4 b6 2. e4 Bb7 3. Bd3 e6 4. Nf3 Nf6 5. Qe2 c5 6. c3 cxd4 7. cxd4 Bb4+ 8. Nbd2 d5 9. e5 Ne4 10. 0-0 Nxd2 11. Nxd2 Qc8 12. a3 Be7 13. b4 Qc3 14. Ra2 Qc8 15. Rc2 Qd8 16. Qg4 g6 17. Nf3 h5 18. Qg3 Nc6 19. Be3 a6 20. Rfc1 Rc8 21. Ng5 Bxg5 22. Bxg5 Ne7 23. Rxc8 Bxc8 24. Bf6 Rg8 25. Qg5 Bb7 26. Bxe7 1-0

[Event "SLO-chT 22th"]
[Site "Ljubljana"]
[Date "2012.12.09"]
[Round "9"]
[White "Roskar, Robert"]
[Black "Vodopivec, Vladimir"]
[Result "1-0"]
[WhiteElo "2284"]
[BlackElo "1963"]
[PlyCount "81"]
[EventDate "2012.11.23"]
[EventType "team-tourn"]
[EventRounds "9"]
[EventCountry "SLO"]
[SourceTitle "CBM 151 Extra"]
[Source "ChessBase"]
[SourceDate "2012.12.18"]
[SourceVersion "1"]
[SourceVersionDate "2012.12.18"]
[SourceQuality "1"]
[WhiteTeam "Ptuj Tehcenter"]
[BlackTeam "Nova Gorica"]
[WhiteTeamCountry "SLO"]
[BlackTeamCountry "SLO"]

1. e4 b6 2. d4 Bb7 3. Nc3 e6 4. Bd3 Nf6 5. Nf3 Bb4 6. Qe2 d5 7. e5 Ne4 8. Bd2 Nxd2 9. Qxd2 Be7 10. Ne2 Ba6 11. Bxa6 Nxa6 12. h4 c5 13. h5 h6 14. Rh3 cxd4 15. Nfxd4 Qc7 16. f4 Nc5 17. Nc3 a6 18. 0-0-0 0-0-0 19. Qe2 Kb7 20. Kb1 Qd7 21. Qg4 f5 22. Qg6 Bf8 23. b4 Na4 24. Nxe6 Rc8 25. Nxa4 Qxa4 26. Qf7+ Kb8 27. Rb3 Bxb4 28. Qxf5 a5 29. Qd3 Rc6 30. f5 Rhc8 31. Rc1 Ka7 32. c3 Rc4 33. Rc2 Qd7 34. Nd4 Bc5 35. e6 Qd8 36. Nb5+ Kb8 37. Qg3+ Kb7 38. Qxg7+ Qe7 39. Qxe7+ Bxe7 40. f6 Bc5 41. Re2 1-0

[Event "Nova Gorica op-A 17th"]
[Site "Nova Gorica"]
[Date "2012.01.31"]
[Round "7"]
[White "Furlan, Ales"]
[Black "Vodopivec, Vladimir"]
[Result "1/2-1/2"]
[WhiteElo "2029"]
[BlackElo "1980"]
[PlyCount "84"]
[EventDate "2012.01.27"]
[EventType "swiss"]
[EventRounds "9"]
[EventCountry "SLO"]
[SourceTitle "CBM 146 Extra"]
[Source "ChessBase"]
[SourceDate "2012.02.29"]
[SourceVersion "1"]
[SourceVersionDate "2012.02.29"]
[SourceQuality "1"]

1. d4 d5 2. Nf3 Nf6 3. c4 g6 4. g3 Bg7 5. Bg2 c6 6. 0-0 0-0 7. Nc3 dxc4 8. Ne5 Ng4 9. Nf3 Nd7 10. h3 Ngf6 11. e4 b5 12. e5 Nd5 13. Ne4 N7b6 14. Nc5 Nd7 15. Ne4 Bb7 16. Qe2 e6 17. h4 h6 18. Bh3 c5 19. h5 Qe7 20. hxg6 cxd4 21. gxf7+ Rxf7 22. Nxd4 Nxe5 23. f4 Ng6 24. Nxe6 Nc7 25. N4c5 Re8 26. Re1 Bc8 27. f5 Nf8 28. Bf4 Nfxe6 29. Nxe6 Nxe6 30. fxe6 Rf6 31. Qh5 Bxe6 32. Qxb5 Qf7 33. Re4 Rc8 34. Bxe6 Rxe6 35. Rae1 Rxe4 36. Rxe4 c3 37. bxc3 Rxc3 38. Re8+ Kh7 39. Qe2 Bf6 40. Qe4+ Qg6 41. Qb7+ Qg7 42. Qe4+ Qg6 1/2-1/2

[Event "Nova Gorica op-A 17th"]
[Site "Nova Gorica"]
[Date "2012.01.28"]
[Round "3"]
[White "Savoia, Serge"]
[Black "Vodopivec, Vladimir"]
[Result "0-1"]
[WhiteElo "1909"]
[BlackElo "1980"]
[PlyCount "138"]
[EventDate "2012.01.27"]
[EventType "swiss"]
[EventRounds "9"]
[EventCountry "SLO"]
[SourceTitle "CBM 146 Extra"]
[Source "ChessBase"]
[SourceDate "2012.02.29"]
[SourceVersion "1"]
[SourceVersionDate "2012.02.29"]
[SourceQuality "1"]

1. e4 g6 2. d4 Bg7 3. c4 c5 4. d5 d6 5. Qd3 Nd7 6. f4 Qc7 7. Nc3 a6 8. Nf3 Ngf6 9. Be2 0-0 10. 0-0 Rb8 11. Rb1 Nb6 12. h3 Bd7 13. g4 e6 14. e5 Ne8 15. b4 cxb4 16. Ne4 exd5 17. exd6 Nxd6 18. Nxd6 Qxd6 19. a3 Nxc4 20. Rxb4 Bb5 21. Qd1 Qc5+ 22. Kh2 Rbd8 23. Qc2 Rc8 24. Qb3 Rfe8 25. Bd3 Na5 26. Qd1 Bxd3 27. Qxd3 Qc2+ 28. Qxc2 Rxc2+ 29. Kg3 b5 30. f5 Nc6 31. Rb3 Ree2 32. Bf4 h6 33. Ne1 Rc3+ 34. Rxc3 Bxc3 35. Nf3 g5 36. Bd6 Be5+ 37. Bxe5 Nxe5 38. Nxe5 Rxe5 39. Kf3 d4 40. a4 bxa4 41. Rd1 a3 42. Rxd4 Ra5 43. Rd1 a2 44. Ra1 Kg7 45. Ke4 Kf6 46. Kd4 Ke7 47. Kc4 Ra3 48. Kb4 Rxh3 49. Rxa2 Rh4 50. Rxa6 Rxg4+ 51. Kc5 Rf4 52. Rxh6 Rxf5+ 53. Kd4 f6 54. Ke4 Ke6 55. Rh8 Rf4+ 56. Ke3 Kf5 57. Rh1 Ra4 58. Rf1+ Ke5 59. Rg1 Ra3+ 60. Kf2 Kf4 61. Rb1 Ra2+ 62. Kg1 g4 63. Rb6 f5 64. Rb4+ Kg5 65. Rb5 g3 66. Kf1 Kg4 67. Rb8 f4 68. Rb3 Kh3 69. Rf3 Kh2 0-1

[Event "Nova Gorica op-A 16th"]
[Site "Nova Gorica"]
[Date "2011.01.31"]
[Round "6"]
[White "Vodopivec, Vladimir"]
[Black "Japelj, Damjan"]
[Result "1/2-1/2"]
[WhiteElo "2009"]
[BlackElo "1788"]
[PlyCount "37"]
[EventDate "2011.01.28"]
[EventType "swiss"]
[EventRounds "9"]
[EventCountry "SLO"]
[SourceTitle "CBM 140 Extra"]
[Source "ChessBase"]
[SourceDate "2011.03.01"]
[SourceVersion "1"]
[SourceVersionDate "2011.03.01"]
[SourceQuality "1"]

1. e4 e5 2. Nf3 Nf6 3. Nc3 Bb4 4. Bc4 Nc6 5. a3 Bxc3 6. dxc3 0-0 7. Qe2 h6 8. 0-0 d6 9. h3 Qe7 10. Kh2 Be6 11. Bxe6 Qxe6 12. b3 d5 13. exd5 Nxd5 14. c4 Nf4 15. Bxf4 exf4 16. Rfe1 Qd6 17. Qd3 Rad8 18. Qxd6 Rxd6 19. Rad1 1/2-1/2

[Event "Nova Gorica op-A 16th"]
[Site "Nova Gorica"]
[Date "2011.01.29"]
[Round "2"]
[White "Vodopivec, Vladimir"]
[Black "Srebrnic, Vojko"]
[Result "0-1"]
[WhiteElo "2009"]
[BlackElo "2218"]
[PlyCount "92"]
[EventDate "2011.01.28"]
[EventType "swiss"]
[EventRounds "9"]
[EventCountry "SLO"]
[SourceTitle "CBM 140 Extra"]
[Source "ChessBase"]
[SourceDate "2011.03.01"]
[SourceVersion "1"]
[SourceVersionDate "2011.03.01"]
[SourceQuality "1"]

1. e4 c5 2. g3 Nc6 3. Bg2 g6 4. Ne2 Bg7 5. c3 e5 6. d3 Nge7 7. 0-0 0-0 8. Be3 b6 9. d4 d6 10. Na3 Ba6 11. d5 Na5 12. b3 f5 13. c4 Bc8 14. Nb5 a6 15. Nbc3 f4 16. gxf4 exf4 17. Nxf4 Bxc3 18. Ne6 Bxe6 19. dxe6 Nac6 20. Bh6 Bg7 21. Bg5 Ra7 22. f4 Nd4 23. Bh3 h6 24. Bh4 Bf6 25. Bg3 Kh7 26. Qd3 Nec6 27. a3 Rg7 28. Rae1 Bh4 29. b4 Bxg3 30. hxg3 b5 31. bxc5 dxc5 32. Kh1 Nxe6 33. Qd5 Ned4 34. Qxc5 Qe7 35. Qxe7 Rxe7 36. cxb5 axb5 37. Bg2 Ra8 38. Re3 Rea7 39. e5 Rxa3 40. Re4 Ra1 41. Ree1 Rxe1 42. Rxe1 Rb8 43. g4 b4 44. f5 b3 45. e6 Kg7 46. e7 b2 0-1

[Event "SLO-chT2 West"]
[Site "Postojna"]
[Date "2009.10.25"]
[Round "5.1"]
[White "Solmajer, Luka"]
[Black "Vodopivec, Vladimir"]
[Result "1-0"]
[WhiteElo "2039"]
[BlackElo "2145"]
[PlyCount "65"]
[EventDate "2009.10.23"]
[EventType "team-tourn"]
[EventRounds "9"]
[EventCountry "SLO"]
[SourceTitle "EXT 2010"]
[Source "ChessBase"]
[SourceDate "2010.11.25"]
[SourceVersion "1"]
[SourceVersionDate "2010.11.25"]
[SourceQuality "1"]
[WhiteTeam "Lojz Kraigher"]
[BlackTeam "Nova Gorica"]
[WhiteTeamCountry "SLO"]
[BlackTeamCountry "SLO"]

1. d4 Nf6 2. c4 d6 3. Nc3 g6 4. e4 Bg7 5. f3 0-0 6. Bg5 h6 7. Be3 Nbd7 8. Qd2 Kh7 9. Nh3 c5 10. d5 Ne5 11. Nf2 Qa5 12. Be2 Qb4 13. b3 Ng8 14. 0-0 Nxf3+ 15. Bxf3 Bxc3 16. Qc1 Bxa1 17. Qxa1 Qb6 18. Nd3 Qc7 19. g4 e5 20. dxe6 fxe6 21. e5 Bd7 22. Be4 Rxf1+ 23. Qxf1 Bc6 24. exd6 Qg7 25. Bxc6 bxc6 26. Bxc5 Rf8 27. Qe2 Re8 28. Qe5 Nf6 29. Bd4 Rf8 30. Nc5 Ne8 31. Nxe6 Qxe5 32. Nxf8+ Kg8 33. Bxe5 1-0

[Event "SLO-chT2 West"]
[Site "Postojna"]
[Date "2009.10.24"]
[Round "2.1"]
[White "Vodopivec, Vladimir"]
[Black "Biti, Ozren"]
[Result "0-1"]
[WhiteElo "2145"]
[BlackElo "2381"]
[PlyCount "48"]
[EventDate "2009.10.23"]
[EventType "team-tourn"]
[EventRounds "9"]
[EventCountry "SLO"]
[SourceTitle "EXT 2010"]
[Source "ChessBase"]
[SourceDate "2010.11.25"]
[SourceVersion "1"]
[SourceVersionDate "2010.11.25"]
[SourceQuality "1"]
[WhiteTeam "Nova Gorica"]
[BlackTeam "Tolmin Hidria"]
[WhiteTeamCountry "SLO"]
[BlackTeamCountry "SLO"]

1. d4 d6 2. c4 e5 3. e3 Nd7 4. Bd3 g6 5. Nc3 Bg7 6. Nge2 f5 7. e4 exd4 8. Nxd4 Bxd4 9. exf5 Bxc3+ 10. bxc3 Ne5 11. 0-0 Nxd3 12. Qxd3 Bxf5 13. Re1+ Kf7 14. Qd5+ Kg7 15. g4 Nf6 16. Qd4 c5 17. Qf4 Nxg4 18. f3 Ne5 19. Rxe5 dxe5 20. Qxe5+ Kf7 21. Bh6 Qf6 22. Qd5+ Qe6 23. Qxb7+ Qd7 24. Qa6 Rhe8 0-1

[Event "SLO-chT 06th"]
[Site "Bled"]
[Date "1996.??.??"]
[Round "6"]
[White "Skoberne, Renato"]
[Black "Vodopivec, Vladimir"]
[Result "1-0"]
[WhiteElo "2140"]
[BlackElo "1990"]
[PlyCount "81"]
[EventDate "1996.??.??"]
[EventType "team-tourn"]
[EventRounds "7"]
[EventCountry "SLO"]
[SourceTitle "CBM 055 Extra"]
[Source "ChessBase"]
[SourceDate "1997.01.01"]
[SourceVersion "1"]
[SourceVersionDate "1997.01.01"]
[SourceQuality "1"]
[WhiteTeam "Iskra Tolmin"]
[BlackTeam "Nova Gorica"]
[WhiteTeamCountry "SLO"]
[BlackTeamCountry "SLO"]

1. e4 c5 2. f4 d6 3. Nf3 Nc6 4. d4 cxd4 5. Nxd4 Nf6 6. Nc3 a6 7. Be2 e6 8. Bf3 Qc7 9. Nb3 Be7 10. Be3 b5 11. g4 Bb7 12. g5 Nd7 13. Qe2 Nb6 14. Bxb6 Qxb6 15. 0-0-0 b4 16. Nd5 exd5 17. exd5 Na7 18. Nd4 Kf8 19. Rhe1 Re8 20. Nf5 Qd8 21. h4 Bc8 22. Nd4 g6 23. h5 gxh5 24. Bxh5 Kg7 25. Bxf7 Ref8 26. Bh5 Re8 27. Bxe8 Qxe8 28. Qxe7+ Qf7 29. Qxf7+ Kxf7 30. Rh1 Nb5 31. Nxb5 axb5 32. Rh6 Bg4 33. Re1 Kg7 34. Rxd6 Rf8 35. Re7+ Kg8 36. Rf6 Ra8 37. a3 bxa3 38. bxa3 Rxa3 39. Kb2 b4 40. Rb6 Ra8 41. Reb7 1-0

[Event "SLO-chT 06th"]
[Site "Bled"]
[Date "1996.??.??"]
[Round "5"]
[White "Vodopivec, Vladimir"]
[Black "Kastelic, Marian"]
[Result "0-1"]
[WhiteElo "1990"]
[BlackElo "2240"]
[PlyCount "70"]
[EventDate "1996.??.??"]
[EventType "team-tourn"]
[EventRounds "7"]
[EventCountry "SLO"]
[SourceTitle "CBM 055 Extra"]
[Source "ChessBase"]
[SourceDate "1997.01.01"]
[SourceVersion "1"]
[SourceVersionDate "1997.01.01"]
[SourceQuality "1"]
[WhiteTeam "Nova Gorica"]
[BlackTeam "Krsko Triglav"]
[WhiteTeamCountry "SLO"]
[BlackTeamCountry "SLO"]

1. e4 c5 2. Nf3 e6 3. d4 cxd4 4. Nxd4 Nf6 5. Bd3 d6 6. 0-0 Be7 7. Be3 0-0 8. Nc3 Nc6 9. f4 Qc7 10. h3 Bd7 11. Ncb5 Qb8 12. Qe1 a6 13. Na3 Nxd4 14. Bxd4 e5 15. Be3 b5 16. f5 d5 17. Bg5 Bc5+ 18. Kh1 Nxe4 19. Bxe4 dxe4 20. f6 g6 21. b4 Bd6 22. c4 Rd8 23. c5 Bf8 24. Nc2 Bc6 25. Ne3 h6 26. Bh4 Rd3 27. Qe2 a5 28. a3 Qd8 29. Rad1 axb4 30. axb4 Qd4 31. Nc2 Qc4 32. Rd2 Ra2 33. Rfd1 Rxd2 34. Rxd2 e3 35. Nxe3 Qxe2 0-1

[Event "SLO-chT"]
[Site "Slovenia"]
[Date "1995.??.??"]
[Round "2"]
[White "Coklin, Marko"]
[Black "Vodopivec, Vladimir"]
[Result "1-0"]
[WhiteElo "2230"]
[BlackElo "2010"]
[PlyCount "155"]
[EventDate "1995.??.??"]
[EventType "team"]
[EventRounds "7"]
[EventCountry "SLO"]
[SourceTitle "EXT 1998"]
[Source "ChessBase"]
[SourceDate "1997.11.17"]
[SourceVersion "1"]
[SourceVersionDate "1997.11.17"]
[SourceQuality "1"]

1. e4 e5 2. Nf3 Nc6 3. Bb5 a6 4. Ba4 b5 5. Bb3 d6 6. c3 Na5 7. Bc2 c5 8. d4 Qc7 9. h3 Nf6 10. 0-0 Be7 11. Re1 0-0 12. Nbd2 Re8 13. Nf1 Bf8 14. Bg5 Qe7 15. Ne3 Bb7 16. dxe5 dxe5 17. Nd5 Bxd5 18. exd5 Qd6 19. Bxf6 Qxf6 20. Nd2 Qh6 21. b3 Rad8 22. c4 Qb6 23. Qe2 g6 24. Ne4 Bg7 25. Rad1 h6 26. g4 bxc4 27. bxc4 Qb4 28. Bd3 f5 29. gxf5 gxf5 30. Ng3 e4 31. Qh5 Rf8 32. Nxf5 Rxf5 33. Qxf5 exd3 34. Re7 Rf8 35. Qxd3 Qxc4 36. Qg3 Qc3 37. Rd3 Qc1+ 38. Kh2 Qg5 39. Qe3 Rxf2+ 40. Qxf2 Qxe7 41. Rg3 Kh8 42. Qf4 Qe2+ 43. Rg2 Qe5 44. Qxe5 Bxe5+ 45. Kg1 Nc4 46. Rg6 a5 47. Rxh6+ Kg7 48. Ra6 Bd4+ 49. Kg2 Ne3+ 50. Kf3 Nxd5 51. Rxa5 Nc3 52. Ra6 Nxa2 53. Rxa2 Kg6 54. Kf4 Kh6 55. Kg4 Kg6 56. Ra6+ Kg7 57. Rc6 Be3 58. Kf5 Kh7 59. Rg6 Bd4 60. h4 Be3 61. Kf6 Bd2 62. Kf5 Be3 63. Rc6 Kg7 64. Kg4 Bd4 65. Kh5 Be3 66. Rg6+ Kf7 67. Rg2 Bd4 68. Kh6 Bf6 69. Rg4 Be5 70. Kg5 Bd4 71. Kf5 Bb2 72. h5 Bg7 73. Ra4 Bd4 74. Ra7+ Kf8 75. Rc7 Be3 76. Kg6 Ke8 77. h6 Kd8 78. Rg7 1-0